| 000 | 00777nam a2200217 a 4500 | ||
|---|---|---|---|
| 008 | 120416s1998 ||||||||||||||||| || u | ||
| 020 | _a0521578477 | ||
| 050 | _aTA 418.38 Sur | ||
| 100 | _aSuresh, Subra | ||
| 245 | 1 | 0 | _aFatigue of materials |
| 250 | _a2nd ed. | ||
| 260 |
_aCambridge _bCambridge University Press _c1998 |
||
| 300 | _axxi, 679p. : ill. | ||
| 350 | _a0.00 | ||
| 500 | _aBibliography | ||
| 650 | _aMaterials - Fatigue | ||
| 650 | _aFRACTURE MECHANICS | ||
| 856 | _uhttp://www.loc.gov/catdir/description/cam029/98015181.html | ||
| 856 | _uhttp://www.loc.gov/catdir/toc/cam021/98015181.html | ||
| 995 |
_D0.00 _FCBU-MAIN LIBRARY (Kitwe) _H1 _I13.95 _M1 _UAVAILABLE _ZAnnex Low-Usage Collection |
||
| 999 |
_c43174 _d43174 |
||